A Series of Unfortunate Events: V.F.D. Quiz Stats

 Plays Quiz not verified by Sporcle

Score 0/11 Timer 05:00
0 Plays Today
Book First Mentioned: Hint Phrase % Correct
Book 6: item #50Very Fancy Doilies
80.2%
Book 7: where the Baudrlaire's liveVillage of Fowl Devotees
73.6%
Book 10: the organization with a schismVolunteer Fire Department
64.8%
Book 8: the singing groupVolunteers Fighting Disease
58.2%
Book 10: where the VFD headquarters are locatedValley of Four Drafts
40.7%
Book 10: a secret message using foodVerbal Fridge Dialogue
28.6%
Book 10: a door opened by a messageVernacularly Fastened Door
23.1%
Book 10: the green 'cigarettes'Verdant Flammable Device
17.6%
Book 10: the tunnels the Baudelaire's follow Quigley throughVertical Flame Diversion
16.5%
Book 11: messages sent between volunteersVolunteer Factual Dispatch
9.9%
Book 12: giant binoculars Vision Furthering Device
9.9%

You're not logged in!

Compare scores with friends on all Sporcle quizzes.
OR
Log In

You Might Also Like...

Show Comments

Extras

Top Quizzes Today


Score Distribution

Your Account Isn't Verified!

In order to create a playlist on Sporcle, you need to verify the email address you used during registration. Go to your Sporcle Settings to finish the process.

Report this User

Report this user for behavior that violates our Community Guidelines.

Details: